000 00657nas a2200217 4500
001 BR9502920
003 BR-BrBNA
005 20231205094033.0
007 ta
008 230509b bl.|||p| |||| 00| 00por d
040 _aBR-BrBNA
_bpor
_cBiblioteca Nacional de Agricultura
041 _a(Pt)
072 _aP06
100 1 _aGallo, C.R.
245 1 _aIndentificacao de bacterias contaminadas da fermentacao alcoolica
650 _aFermentacao Alcoolica
650 _aContaminacao Bacteriana
773 0 _tSTAB (Brazil)
_xISSN 0102-1214
_g(May-Jun 1992), v. 10(5) p. 30-34
_wBR9502920
909 _a202311
_bLúcia
_c55
_dLúcia Elande
942 _2AGRIS
_n0
_cANA
999 _c141699
_d141699